[Event "CAN-op (Pinnacle 48th CAN Op Ch)"]
[Site "Toronto CAN"]
[Date "2011.07.17"]
[Round "9"]
[White "Wang, Richard"]
[Black "Roy, Myriam"]
[Result "1-0"]
[WhiteElo "2240"]
[BlackElo "1935"]
[PlyCount "99"]
[GameId "2160767909707570"]
[EventDate "2011.07.09"]
[EventType "swiss"]
[EventRounds "9"]
[EventCountry "CAN"]
[SourceTitle "CBM 143 Extra"]
[Source "ChessBase"]
[SourceDate "2011.08.29"]
[SourceVersion "1"]
[SourceVersionDate "2011.08.29"]
[SourceQuality "1"]

1. d4 d5 2. Nf3 Nf6 3. e3 c6 4. c4 Bf5 5. Nc3 e6 6. Nh4 Bg4 7. Qb3 Qb6 8. h3 Bh5 9. g4 Bg6 10. g5 Ng8 11. Nxg6 hxg6 12. c5 Qxb3 13. axb3 Nd7 14. b4 e5 15. b5 exd4 16. exd4 Ne7 17. bxc6 bxc6 18. Bd3 Rh4 19. f4 f6 20. Ne2 fxg5 21. fxg5 Nf5 22. Bxf5 gxf5 23. Bf4 a6 24. Kf2 Kf7 25. Kg3 Rh5 26. Ra3 Be7 27. h4 g6 28. Ng1 Rhh8 29. Nf3 Ra7 30. Rha1 Rha8 31. Rb3 Bd8 32. Ne5+ Nxe5 33. Bxe5 Bc7 34. Bxc7 Rxc7 35. Rb6 a5 36. Ra4 Re8 37. Rxa5 Re3+ 38. Kf2 Rce7 39. Ra1 Re2+ 40. Kg1 Rd2 41. Rxc6 f4 42. Rf6+ Kg7 43. Rxf4 Ree2 44. Rg4 Rxb2 45. Rc1 Kf7 46. c6 Rec2 47. Rxc2 Rxc2 48. Rf4+ Kg7 49. Rf6 Rc4 50. Rd6 1-0

[Event "CYCC U14"]
[Site "Richmond Hill CAN"]
[Date "2011.07.06"]
[Round "1"]
[White "Yang, Bryant"]
[Black "Wang, Richard"]
[Result "0-1"]
[WhiteElo "1594"]
[BlackElo "2346"]
[PlyCount "64"]
[GameId "2160767909703961"]
[EventDate "2011.07.06"]
[EventType "swiss"]
[EventRounds "7"]
[EventCountry "CAN"]
[SourceTitle "EXT 2022"]
[Source "ChessBase"]
[SourceDate "2021.10.06"]
[SourceVersion "1"]
[SourceVersionDate "2021.10.06"]
[SourceQuality "1"]

1. e4 c5 2. Nf3 d6 3. d4 cxd4 4. Nxd4 Nf6 5. Nc3 g6 6. f4 Nc6 7. Nxc6 bxc6 8. e5 Nd7 9. exd6 exd6 10. Be3 Nf6 11. Qd2 Be7 12. O-O-O d5 13. Rg1 O-O 14. h3 Bb4 15. Qd3 Qa5 16. Bd4 Ne4 17. Nxe4 dxe4 18. Qb3 Rb8 19. Kb1 Be6 20. c4 Rfd8 21. Be2 Bd2 22. Bc3 Qc5 23. Qc2 Bxc3 24. Qxc3 Qf2 25. Rxd8+ Rxd8 26. Qe1 Qxf4 27. Rf1 Qe3 28. Bg4 Qd3+ 29. Ka1 Bxg4 30. hxg4 e3 31. a3 e2 32. Rh1 Qxc4 0-1

[Event "CYCC U14"]
[Site "Richmond Hill CAN"]
[Date "2011.07.06"]
[Round "2"]
[White "Wang, Richard"]
[Black "Pang, Michael"]
[Result "1-0"]
[WhiteElo "2346"]
[BlackElo "1829"]
[PlyCount "108"]
[GameId "2160767909703968"]
[EventDate "2011.07.06"]
[EventType "swiss"]
[EventRounds "7"]
[EventCountry "CAN"]
[SourceTitle "EXT 2022"]
[Source "ChessBase"]
[SourceDate "2021.10.06"]
[SourceVersion "1"]
[SourceVersionDate "2021.10.06"]
[SourceQuality "1"]

1. d4 Nf6 2. Nf3 g6 3. Bg5 Bg7 4. Nbd2 d5 5. e3 O-O 6. c3 Nbd7 7. Bd3 c5 8. O-O c4 9. Bc2 h6 10. Bh4 b6 11. e4 dxe4 12. Nxe4 Bb7 13. Ned2 Rc8 14. Re1 e6 15. a4 Kh8 16. Qe2 Bd5 17. Nf1 Qc7 18. Ne3 Rfe8 19. Bg3 Qb7 20. Ne5 Nxe5 21. Bxe5 Qa8 22. Nxd5 exd5 23. Qf3 Re6 24. Re3 Rce8 25. Rae1 Qc6 26. Qh3 Kh7 27. f4 Ne4 28. f5 R6e7 29. fxg6+ fxg6 30. Bxe4 dxe4 31. Rxe4 Bxe5 32. Rxe5 Rxe5 33. dxe5 Qc5+ 34. Kh1 Rxe5 35. Qd7+ Kg8 36. Rf1 Rf5 37. Qe6+ Kf8 38. Rd1 Qe7 39. Qxg6 Rf6 40. Qc2 Qe3 41. Qh7 Qd3 42. Qxd3 cxd3 43. Kg1 Ke7 44. Rxd3 Rf4 45. b3 Ke6 46. Rf3 Rh4 47. g3 Re4 48. Kf2 Kd5 49. Rf5+ Kc6 50. Rf6+ Kc5 51. Rxh6 Re5 52. Rh4 Rd5 53. Rc4+ Kd6 54. Rd4 Rxd4 1-0

[Event "CYCC U14"]
[Site "Richmond Hill CAN"]
[Date "2011.07.06"]
[Round "3"]
[White "Plotkin, Mark"]
[Black "Wang, Richard"]
[Result "0-1"]
[WhiteElo "1916"]
[BlackElo "2346"]
[PlyCount "112"]
[GameId "2160767909703974"]
[EventDate "2011.07.06"]
[EventType "swiss"]
[EventRounds "7"]
[EventCountry "CAN"]
[SourceTitle "EXT 2022"]
[Source "ChessBase"]
[SourceDate "2021.10.06"]
[SourceVersion "1"]
[SourceVersionDate "2021.10.06"]
[SourceQuality "1"]

1. e4 c5 2. Nc3 Nc6 3. Bc4 e6 4. d3 Nf6 5. Bg5 Be7 6. f4 h6 7. Bxf6 Bxf6 8. e5 Be7 9. Qg4 g6 10. h4 h5 11. Qg3 Nd4 12. Qf2 a6 13. a4 d5 14. exd6 Qxd6 15. Ne4 Qc7 16. c3 Nf5 17. g3 b6 18. Nf3 Bb7 19. O-O O-O 20. Nfg5 Bd5 21. Nd2 Bf6 22. Bxd5 exd5 23. Qf3 Bg7 24. Rfe1 Qd7 25. Nf1 Rfe8 26. Qf2 Rxe1 27. Qxe1 Re8 28. Qf2 a5 29. Qc2 Re7 30. Kf2 Qe8 31. Nf3 d4 32. c4 Nh6 33. N1h2 Re3 34. b3 Qc6 35. Qd1 Qe6 36. Ng5 Qf5 37. Ne4 Qh3 38. Nf1 f5 39. Ra2 fxe4 40. Nxe3 dxe3+ 41. Kxe3 Qxg3+ 42. Kxe4 Qxh4 43. Qg1 Qe7+ 44. Kf3 Nf5 45. b4 Qd6 46. Ke2 cxb4 47. Qg5 b3 48. Rd2 b2 49. Qg1 Qe6+ 50. Kf3 b1=Q 51. Qxb1 Qe3+ 52. Kg2 Qxd2+ 53. Kh3 Qe3+ 54. Kg2 Qg3+ 55. Kh1 Qh3+ 56. Kg1 Bd4# 0-1

[Event "CYCC U14"]
[Site "Richmond Hill CAN"]
[Date "2011.07.07"]
[Round "4"]
[White "Wang, Richard"]
[Black "Knox, Christopher"]
[Result "1/2-1/2"]
[WhiteElo "2346"]
[BlackElo "2072"]
[PlyCount "89"]
[GameId "2160767909703982"]
[EventDate "2011.07.06"]
[EventType "swiss"]
[EventRounds "7"]
[EventCountry "CAN"]
[SourceTitle "EXT 2022"]
[Source "ChessBase"]
[SourceDate "2021.10.06"]
[SourceVersion "1"]
[SourceVersionDate "2021.10.06"]
[SourceQuality "1"]

1. d4 Nf6 2. Nf3 e6 3. e3 c5 4. Bd3 d5 5. b3 b6 6. O-O Nbd7 7. Bb2 Bb7 8. Ne5 Be7 9. Nd2 O-O 10. f4 Ne4 11. Nxe4 dxe4 12. Bc4 Nxe5 13. fxe5 Bg5 14. Qe2 Qc7 15. a4 Rac8 16. Rad1 Rfd8 17. Rd2 cxd4 18. Bxd4 h6 19. g3 h5 20. c3 Bh6 21. Qf2 Bd5 22. Bxd5 Rxd5 23. Re2 Qb7 24. Qg2 Rd7 25. Qh3 b5 26. a5 Qd5 27. Qxh5 f5 28. g4 fxg4 29. Qxg4 Rf8 30. Rxf8+ Kxf8 31. Rf2+ Rf7 32. Rxf7+ Kxf7 33. b4 a6 34. h4 Kg8 35. Kf2 Kh7 36. h5 Kg8 37. Ke1 Kh8 38. Qg2 Kg8 39. Qg6 Kh8 40. Qe8+ Kh7 41. Qg6+ Kh8 42. Qg2 Kg8 43. Qc2 Bg5 44. Qg2 Bh6 45. Qg6 1/2-1/2

[Event "CYCC U14"]
[Site "Richmond Hill CAN"]
[Date "2011.07.08"]
[Round "5"]
[White "Wang, Richard"]
[Black "Fu, James"]
[Result "1-0"]
[WhiteElo "2346"]
[BlackElo "2028"]
[PlyCount "75"]
[GameId "2160767909703987"]
[EventDate "2011.07.06"]
[EventType "swiss"]
[EventRounds "7"]
[EventCountry "CAN"]
[SourceTitle "EXT 2022"]
[Source "ChessBase"]
[SourceDate "2021.10.06"]
[SourceVersion "1"]
[SourceVersionDate "2021.10.06"]
[SourceQuality "1"]

1. d4 Nf6 2. Nf3 e6 3. e3 d5 4. Bd3 c5 5. b3 Nbd7 6. O-O Bd6 7. Bb2 O-O 8. Ne5 b6 9. f4 Bb7 10. Nxd7 Nxd7 11. Nd2 f5 12. Nf3 Rc8 13. Qe2 Be7 14. c4 Nf6 15. Ne5 Bd6 16. Rfd1 Qe7 17. Rac1 Rfd8 18. h3 Bxe5 19. dxe5 Ne4 20. a4 a5 21. Kh2 Rc7 22. Bxe4 dxe4 23. Rc2 Rcd7 24. Rcd2 Rxd2 25. Rxd2 Rxd2 26. Qxd2 Bc6 27. Bc3 Qa7 28. Qd6 Bd7 29. g4 g6 30. Be1 Kf7 31. Bh4 Be8 32. Bd8 b5 33. axb5 Qd7 34. Qxd7+ Bxd7 35. Bxa5 Be8 36. Bb6 Ke7 37. Bxc5+ Kd7 38. Kg3 1-0

[Event "CYCC U14"]
[Site "Richmond Hill CAN"]
[Date "2011.07.08"]
[Round "6"]
[White "Lin, Tony (Juntao)"]
[Black "Wang, Richard"]
[Result "0-1"]
[WhiteElo "2028"]
[BlackElo "2346"]
[PlyCount "140"]
[GameId "2160767909703990"]
[EventDate "2011.07.06"]
[EventType "swiss"]
[EventRounds "7"]
[EventCountry "CAN"]

1. d4 d5 2. c4 c6 3. cxd5 cxd5 4. Nf3 Nc6 5. Nc3 Nf6 6. Bf4 Bf5 7. e3 e6 8. Qb3 Bb4 9. Be2 O-O 10. O-O Qe7 11. Rac1 Ne4 12. Nxe4 Bxe4 13. a3 Ba5 14. Ne5 Nxe5 15. Bxe5 Rac8 16. Bd3 Bxd3 17. Qxd3 Qd7 18. Qb3 h6 19. h3 Bb6 20. Rfd1 Rfd8 21. Bg3 Rc6 22. Rxc6 Qxc6 23. Rd3 Ba5 24. Kh2 Rc8 25. a4 Qd7 26. Qa3 Rc4 27. b3 Bb4 28. Qa1 Rc8 29. a5 Qb5 30. a6 bxa6 31. Rd1 Qc6 32. Qa4 a5 33. h4 a6 34. Ra1 Qb5 35. f3 Rc2 36. Qxb5 axb5 37. Be1 Bxe1 38. Rxe1 Rb2 39. Ra1 Rxb3 40. Rxa5 f6 41. Kg3 b4 42. Ra8+ Kf7 43. Rb8 Rxe3 44. Rxb4 e5 45. Kf2 Rc3 46. dxe5 fxe5 47. g4 Rc6 48. Ke3 Kf6 49. Rb5 Rd6 50. Kd3 Ke7 51. Rb7+ Rd7 52. Rb6 Ra7 53. Rg6 Ra3+ 54. Ke2 Kf7 55. h5 Ra2+ 56. Ke3 Ra3+ 57. Ke2 Ra2+ 58. Kd3 Rf2 59. Ke3 Rf1 60. Ke2 Rb1 61. Kd3 d4 62. Rd6 Re1 63. Rd7+ Kf6 64. Rd6+ Ke7 65. Rg6 Re3+ 66. Kd2 Kf7 67. f4 exf4 68. Rd6 Rg3 69. Rxd4 Rxg4 70. Ke2 f3+ 0-1

[Event "CYCC U14"]
[Site "Richmond Hill CAN"]
[Date "2011.07.08"]
[Round "7"]
[White "Yang, Yimang"]
[Black "Wang, Richard"]
[Result "1/2-1/2"]
[WhiteElo "1706"]
[BlackElo "2346"]
[PlyCount "34"]
[GameId "2160767909703998"]
[EventDate "2011.07.06"]
[EventType "swiss"]
[EventRounds "7"]
[EventCountry "CAN"]
[SourceTitle "EXT 2022"]
[Source "ChessBase"]
[SourceDate "2021.10.06"]
[SourceVersion "1"]
[SourceVersionDate "2021.10.06"]
[SourceQuality "1"]

1. b4 c6 2. Bb2 a5 3. bxa5 Qxa5 4. c4 Nf6 5. e3 e5 6. Nf3 d6 7. Be2 Be7 8. O-O O-O 9. d4 exd4 10. Nxd4 Na6 11. Nb3 Qc7 12. Nc3 Bf5 13. Nd4 Bd7 14. h3 Nc5 15. Qc2 Rfe8 16. Nf5 Bf8 17. Ng3 Bc8 1/2-1/2

[Event "Calgary int."]
[Site "Calgary CAN"]
[Date "2011.05.19"]
[Round "1"]
[White "Wang, Richard"]
[Black "Kraai, Jesse"]
[Result "0-1"]
[WhiteElo "2219"]
[BlackElo "2516"]
[PlyCount "134"]
[GameId "2160767909704382"]
[EventDate "2011.05.19"]
[EventType "tourn"]
[EventRounds "9"]
[EventCountry "CAN"]
[EventCategory "4"]
[SourceTitle "CBM 142 Extra"]
[Source "ChessBase"]
[SourceDate "2011.06.27"]
[SourceVersion "1"]
[SourceVersionDate "2011.06.27"]
[SourceQuality "1"]

1. d4 Nf6 2. Nf3 g6 3. Nc3 d5 4. Bf4 Bg7 5. e3 O-O 6. Be2 c5 7. Ne5 Nc6 8. O-O cxd4 9. exd4 Qb6 10. Nxc6 Qxc6 11. Be5 Bf5 12. Bb5 Qb6 13. a4 a6 14. a5 Qd8 15. Bd3 Bxd3 16. Qxd3 e6 17. Na4 Nd7 18. Bxg7 Kxg7 19. b4 Rc8 20. Nc5 Rc7 21. f4 Nf6 22. Qe2 Ne4 23. Ra3 Qf6 24. Nxe4 dxe4 25. Qxe4 Rfc8 26. c3 Rxc3 27. Rxc3 Rxc3 28. d5 exd5 29. Qxd5 b6 30. h3 bxa5 31. bxa5 Re3 32. Kh2 Re2 33. Qf3 Ra2 34. Qd5 Ra4 35. Qd2 Rd4 36. Qe3 Rd5 37. Qa3 Rf5 38. Qb4 g5 39. g3 Rb5 40. Qe1 Rb2+ 41. Kg1 Qd4+ 42. Rf2 Ra2 43. Kg2 Qd5+ 44. Kh2 Qxa5 45. Qe3 gxf4 46. Qxf4 Rxf2+ 47. Qxf2 Qe5 48. Qf3 h5 49. h4 a5 50. Qa3 Qe2+ 51. Kh3 Qe4 52. Qc3+ Kg6 53. Kh2 a4 54. Qd2 f6 55. Qd8 Qe2+ 56. Kh3 Qe6+ 57. Kh2 Qf7 58. Qd4 Qa2+ 59. Kh3 Qe6+ 60. Kh2 Qe2+ 61. Kg1 a3 62. Qd5 a2 63. Qg8+ Kf5 64. Qh7+ Kg4 65. Qg6+ Kh3 66. Qf5+ Kxg3 67. Qg6+ Kh3 0-1

[Event "Calgary int."]
[Site "Calgary CAN"]
[Date "2011.05.20"]
[Round "2"]
[White "Hansen, Eric"]
[Black "Wang, Richard"]
[Result "1/2-1/2"]
[WhiteElo "2425"]
[BlackElo "2219"]
[PlyCount "72"]
[GameId "2160767909704383"]
[EventDate "2011.05.19"]
[EventType "tourn"]
[EventRounds "9"]
[EventCountry "CAN"]
[EventCategory "4"]
[SourceTitle "CBM 142 Extra"]
[Source "ChessBase"]
[SourceDate "2011.06.27"]
[SourceVersion "1"]
[SourceVersionDate "2011.06.27"]
[SourceQuality "1"]

1. d4 d5 2. c4 c6 3. Nf3 Nf6 4. e3 Bg4 5. h3 Bxf3 6. Qxf3 e6 7. Nc3 Nbd7 8. Bd3 Bb4 9. O-O O-O 10. Qd1 Qe7 11. Bd2 dxc4 12. Bxc4 Bd6 13. Bb3 e5 14. Re1 Rad8 15. Qf3 Rfe8 16. g4 e4 17. Qg2 Nb6 18. f3 h6 19. fxe4 Nxe4 20. Nxe4 Qxe4 21. Qxe4 Rxe4 22. Kg2 Re7 23. Rad1 Nd5 24. a3 Nf6 25. Rf1 Rde8 26. Rf5 Ne4 27. Bc1 g6 28. Rf3 Ng5 29. Rf6 Ne4 30. Rxg6+ Kh7 31. Rxd6 Nxd6 32. Kf3 Ne4 33. Bc2 Re6 34. Kg2 Rf6 35. Bd2 Rf2+ 36. Kg1 Rf3 1/2-1/2

[Event "Calgary int."]
[Site "Calgary CAN"]
[Date "2011.05.20"]
[Round "3"]
[White "Wang, Richard"]
[Black "Porper, Edward"]
[Result "1/2-1/2"]
[WhiteElo "2219"]
[BlackElo "2446"]
[PlyCount "131"]
[GameId "2160767909704392"]
[EventDate "2011.05.19"]
[EventType "tourn"]
[EventRounds "9"]
[EventCountry "CAN"]
[EventCategory "4"]
[SourceTitle "CBM 142 Extra"]
[Source "ChessBase"]
[SourceDate "2011.06.27"]
[SourceVersion "1"]
[SourceVersionDate "2011.06.27"]
[SourceQuality "1"]

1. d4 d5 2. Nf3 c6 3. c4 Nf6 4. e3 Bg4 5. Qb3 Qb6 6. Nc3 Bxf3 7. gxf3 e6 8. Bd2 Nbd7 9. Qxb6 axb6 10. cxd5 Nxd5 11. Nxd5 exd5 12. Bd3 g6 13. f4 Nf6 14. f3 Bh6 15. Bb4 Kd7 16. Kf2 Nh5 17. h4 Rhe8 18. a3 Re6 19. Rae1 f5 20. Bd2 Bg7 21. Bc3 c5 22. Bb5+ Ke7 23. Rd1 Rc8 24. Ba4 Bf6 25. Bb3 c4 26. Ba4 Kd8 27. Bb5 Be7 28. a4 Bd6 29. Bd2 Nf6 30. Rdg1 Re7 31. Bc3 Kc7 32. Bd2 Kb8 33. Ra1 Bc7 34. Rag1 Rd8 35. Bb4 Re6 36. Re1 Bd6 37. Bd2 h5 38. Bc3 Ne8 39. Bxe8 Rdxe8 40. Bd2 Ka7 41. Kg3 Bf8 42. Ra1 Kb8 43. Rhc1 Rc6 44. Re1 Kc7 45. Bc3 Rce6 46. Bd2 Kd7 47. Rec1 Rc8 48. Re1 Ra8 49. Rec1 Rc6 50. Re1 Bg7 51. Bc3 Re6 52. Bd2 Ree8 53. Rec1 Rec8 54. Kh3 Ke6 55. Bb4 Kf7 56. Bd2 Bf8 57. Re1 Ra6 58. e4 dxe4 59. fxe4 fxe4 60. Rxe4 b5 61. Re5 bxa4 62. f5 Rcc6 63. fxg6+ Rxg6 64. Rxh5 Rab6 65. Rf5+ Kg8 66. h5 1/2-1/2

[Event "Calgary int."]
[Site "Calgary CAN"]
[Date "2011.05.21"]
[Round "4"]
[White "Wang, Richard"]
[Black "Haessel, Dale"]
[Result "1/2-1/2"]
[WhiteElo "2219"]
[BlackElo "2184"]
[PlyCount "135"]
[GameId "2160767909704397"]
[EventDate "2011.05.19"]
[EventType "tourn"]
[EventRounds "9"]
[EventCountry "CAN"]
[EventCategory "4"]
[SourceTitle "CBM 142 Extra"]
[Source "ChessBase"]
[SourceDate "2011.06.27"]
[SourceVersion "1"]
[SourceVersionDate "2011.06.27"]
[SourceQuality "1"]

1. d4 Nf6 2. Nf3 g6 3. Nc3 d5 4. Bf4 Bg7 5. e3 O-O 6. Be2 c5 7. Ne5 Nc6 8. O-O cxd4 9. exd4 Qb6 10. Nxc6 Qxc6 11. Bb5 Qb6 12. a4 a5 13. Re1 e6 14. Ra3 Bd7 15. Rb3 Qd8 16. Qd2 Rc8 17. Bd6 Re8 18. Bc5 Bxb5 19. Rxb5 Nd7 20. Ne2 b6 21. Bd6 Nf6 22. Bf4 Ne4 23. Qd3 Nd6 24. Rb3 Nc4 25. Nc3 Rc6 26. Rb5 Nd6 27. Bxd6 Rxd6 28. Nd1 Rc6 29. Ne3 Re7 30. c3 Rec7 31. Qd1 h5 32. g3 Rc8 33. Qb3 Bh6 34. f4 Qd6 35. Qd1 Bg7 36. Qf3 Qd8 37. h3 f5 38. Ng2 Kf7 39. Qe2 Qd6 40. Qf3 Bf6 41. Ne3 Rh8 42. Kg2 Rc7 43. Rh1 Rcc8 44. Rf1 Rh7 45. Kh2 Rhh8 46. Qd1 Kg7 47. Qd2 Rc6 48. Ng2 Rhc8 49. Qe2 Rc4 50. Re1 R4c6 51. Qe3 Kf7 52. Qf3 Rc4 53. Qd1 R4c6 54. Rf1 Rh8 55. Ne3 Rhc8 56. Qb3 Kg7 57. Kg2 Qc7 58. Qd1 Qd6 59. Qe2 Kf7 60. Qf3 R6c7 61. g4 hxg4 62. hxg4 Rh8 63. Rh1 Rxh1 64. Kxh1 Rc8 65. Kg2 Rh8 66. g5 Bd8 67. Qg3 Bc7 68. Kf3 1/2-1/2

[Event "Calgary int."]
[Site "Calgary CAN"]
[Date "2011.05.21"]
[Round "5"]
[White "Stopa, Jacek"]
[Black "Wang, Richard"]
[Result "1-0"]
[WhiteElo "2460"]
[BlackElo "2219"]
[PlyCount "135"]
[GameId "2160767909704402"]
[EventDate "2011.05.19"]
[EventType "tourn"]
[EventRounds "9"]
[EventCountry "CAN"]
[EventCategory "4"]
[SourceTitle "CBM 142 Extra"]
[Source "ChessBase"]
[SourceDate "2011.06.27"]
[SourceVersion "1"]
[SourceVersionDate "2011.06.27"]
[SourceQuality "1"]

1. e4 c5 2. Nf3 d6 3. d4 cxd4 4. Nxd4 Nf6 5. Nc3 g6 6. Be3 Bg7 7. f3 Nc6 8. Qd2 O-O 9. O-O-O d5 10. exd5 Nxd5 11. Nxc6 bxc6 12. Nxd5 cxd5 13. Qxd5 Qc7 14. Qc5 Qb7 15. b3 Bf5 16. Bd3 Rfc8 17. Qa5 Bxd3 18. Rxd3 Qc6 19. c4 h5 20. Bd4 Qd6 21. Rhd1 Bxd4 22. Rxd4 Qxh2 23. Qg5 Qb8 24. Qxe7 Qg3 25. R1d2 a5 26. Kb2 a4 27. Rd8+ Rxd8 28. Rxd8+ Rxd8 29. Qxd8+ Kh7 30. Qd2 h4 31. b4 h3 32. gxh3 Qxf3 33. Qc3 Qc6 34. c5 f5 35. Qc4 Qf6+ 36. Ka3 f4 37. c6 f3 38. c7 f2 39. c8=Q f1=Q 40. Qxf1 Qxf1 41. Qd7+ Kh6 42. Kxa4 Qg2 43. a3 Qa8+ 44. Kb3 Qf3+ 45. Kb2 g5 46. Qe6+ Kg7 47. b5 Qf2+ 48. Kb3 Qf3+ 49. Kb4 Qf8+ 50. Ka4 Qa8+ 51. Kb3 Qf3+ 52. Kc2 Qf2+ 53. Kd3 Qf1+ 54. Kd4 Qa1+ 55. Kd5 Qa2+ 56. Ke5 Qe2+ 57. Kd6 Qd3+ 58. Kc6 Qc3+ 59. Kd7 Qd3+ 60. Ke8 Qf3 61. Qd7+ Kg8 62. Kd8 Qa8+ 63. Qc8 Qf3 64. b6 Kg7 65. Qd7+ Kh6 66. Qe6+ Kg7 67. b7 Qf8+ 68. Kd7 1-0

[Event "Calgary int."]
[Site "Calgary CAN"]
[Date "2011.05.22"]
[Round "6"]
[White "Wang, Richard"]
[Black "Langer, Mikhail"]
[Result "1-0"]
[WhiteElo "2219"]
[BlackElo "2267"]
[PlyCount "67"]
[GameId "2160767909704407"]
[EventDate "2011.05.19"]
[EventType "tourn"]
[EventRounds "9"]
[EventCountry "CAN"]
[EventCategory "4"]
[SourceTitle "CBM 142 Extra"]
[Source "ChessBase"]
[SourceDate "2011.06.27"]
[SourceVersion "1"]
[SourceVersionDate "2011.06.27"]
[SourceQuality "1"]

1. d4 Nf6 2. Nf3 g6 3. Nc3 d5 4. Bf4 Bg7 5. e3 O-O 6. Be2 Nh5 7. Bg5 h6 8. Bh4 g5 9. Bg3 Nxg3 10. hxg3 c5 11. Qd2 Bf5 12. Bd3 Bxd3 13. Qxd3 e6 14. Ne5 f5 15. f4 Nc6 16. Rh5 g4 17. O-O-O a6 18. a3 Rc8 19. Rdh1 Rf6 20. dxc5 Nxe5 21. fxe5 Rf7 22. Qd4 Qc7 23. Qf4 Re8 24. Ne2 Qxe5 25. Qxe5 Bxe5 26. Rxh6 Ree7 27. Nf4 Bf6 28. Rg6+ Kf8 29. Rhh6 Bg7 30. Nxd5 exd5 31. Re6 Rxe6 32. Rxe6 Bh6 33. Rxh6 Ke8 34. Kd2 1-0

[Event "Calgary int."]
[Site "Calgary CAN"]
[Date "2011.05.22"]
[Round "7"]
[White "Kazmaier, Daniel"]
[Black "Wang, Richard"]
[Result "0-1"]
[WhiteElo "2137"]
[BlackElo "2219"]
[PlyCount "96"]
[GameId "2160767909704408"]
[EventDate "2011.05.19"]
[EventType "tourn"]
[EventRounds "9"]
[EventCountry "CAN"]
[EventCategory "4"]
[SourceTitle "CBM 142 Extra"]
[Source "ChessBase"]
[SourceDate "2011.06.27"]
[SourceVersion "1"]
[SourceVersionDate "2011.06.27"]
[SourceQuality "1"]

1. e4 c5 2. Nc3 Nc6 3. g3 g6 4. Bg2 Bg7 5. Nge2 d6 6. O-O Nf6 7. h3 Rb8 8. f4 O-O 9. Kh2 Bd7 10. Nd5 Nxd5 11. exd5 Nd4 12. c3 Nxe2 13. Qxe2 e6 14. d3 Re8 15. Be3 exd5 16. Bxd5 Bd4 17. Rf3 Bc6 18. Bxc6 bxc6 19. cxd4 cxd4 20. b3 Qa5 21. Qe1 Qb6 22. Qg1 Rxe3 23. Raf1 Rbe8 24. f5 Rxf3 25. Rxf3 Qc5 26. Qf2 Qd5 27. h4 c5 28. g4 Qe5+ 29. Kh3 Qe2 30. fxg6 hxg6 31. Rxf7 Qxd3+ 32. Rf3 Re3 33. Kg3 Rxf3+ 34. Qxf3 Qxf3+ 35. Kxf3 a5 36. Ke4 d5+ 37. Kd3 Kf7 38. a3 Kf6 39. b4 cxb4 40. axb4 axb4 41. Kxd4 Ke6 42. Kd3 Ke5 43. Ke3 d4+ 44. Kd3 b3 45. Kd2 Kf4 46. h5 gxh5 47. gxh5 Kg5 48. Kc1 d3 0-1

[Event "Calgary int."]
[Site "Calgary CAN"]
[Date "2011.05.23"]
[Round "8"]
[White "Wang, Richard"]
[Black "Sevillano, Enrico"]
[Result "0-1"]
[WhiteElo "2219"]
[BlackElo "2510"]
[PlyCount "78"]
[GameId "2160767909704417"]
[EventDate "2011.05.19"]
[EventType "tourn"]
[EventRounds "9"]
[EventCountry "CAN"]
[EventCategory "4"]
[SourceTitle "CBM 142 Extra"]
[Source "ChessBase"]
[SourceDate "2011.06.27"]
[SourceVersion "1"]
[SourceVersionDate "2011.06.27"]
[SourceQuality "1"]

1. d4 Nf6 2. Nf3 c5 3. e3 b6 4. Bd3 Bb7 5. O-O g6 6. b3 Bg7 7. Bb2 O-O 8. Nbd2 Nc6 9. a3 e6 10. Re1 Qc7 11. c4 Rad8 12. Qc2 d6 13. Rad1 Qb8 14. Bc3 cxd4 15. Nxd4 Nxd4 16. Bxd4 d5 17. cxd5 Ng4 18. g3 Bxd4 19. exd4 Rxd5 20. Nf3 Ra5 21. Be4 Rxa3 22. Ne5 Nf6 23. Bxb7 Qxb7 24. Ra1 Rxa1 25. Rxa1 a5 26. Rc1 Qd5 27. Qc4 Qd6 28. Qd3 Rd8 29. Qf3 Kg7 30. Rd1 Qd7 31. Qc3 Qd6 32. Qf3 Rc8 33. Qb7 Qc7 34. Qa6 Nd5 35. Nc4 Qc6 36. Ne5 Qc2 37. Rf1 Rc7 38. Qb5 Qe4 39. h4 Qxd4 0-1

[Event "Calgary int."]
[Site "Calgary CAN"]
[Date "2011.05.23"]
[Round "9"]
[White "Neven, Knut"]
[Black "Wang, Richard"]
[Result "0-1"]
[WhiteElo "2155"]
[BlackElo "2219"]
[PlyCount "154"]
[GameId "2160767909704421"]
[EventDate "2011.05.19"]
[EventType "tourn"]
[EventRounds "9"]
[EventCountry "CAN"]
[EventCategory "4"]
[SourceTitle "CBM 142 Extra"]
[Source "ChessBase"]
[SourceDate "2011.06.27"]
[SourceVersion "1"]
[SourceVersionDate "2011.06.27"]
[SourceQuality "1"]

1. e4 c5 2. Nf3 d6 3. d4 cxd4 4. Nxd4 Nf6 5. f3 g6 6. c4 Bg7 7. Nc3 Nc6 8. Be3 O-O 9. Qd2 Bd7 10. Be2 Rc8 11. O-O a6 12. Rac1 Ne5 13. b3 Re8 14. Rfd1 Qa5 15. Bg5 Qc5 16. Be3 Qc7 17. a4 b6 18. Kh1 Qb7 19. Bf1 Rb8 20. Qf2 Rec8 21. h3 Nc6 22. Nxc6 Bxc6 23. Bd4 Bh6 24. Rc2 Nd7 25. Qh4 Bf8 26. b4 Qc7 27. Rdc1 Qd8 28. Qf2 e6 29. Rd1 Qc7 30. f4 Re8 31. f5 exf5 32. exf5 a5 33. fxg6 hxg6 34. Nd5 Bxd5 35. cxd5 Qd8 36. Bb5 Bg7 37. Bxg7 Kxg7 38. Rf1 Re7 39. bxa5 bxa5 40. Bxd7 Rxd7 41. Qd4+ Kg8 42. Rfc1 Qe7 43. Qd2 Rb4 44. Rc8+ Kg7 45. Re1 Qf6 46. Qe3 Rd8 47. Rxd8 Qxd8 48. Rf1 Rxa4 49. Qa7 Qf8 50. Qd7 Re4 51. Ra1 Qb8 52. Rf1 Qf8 53. Ra1 Qe7 54. Qxe7 Rxe7 55. Rxa5 Re1+ 56. Kh2 Kf6 57. Kg3 Ke5 58. Ra7 Rf1 59. Ra5 Kd4 60. Kh4 Rf5 61. g4 Rf3 62. Rb5 f6 63. g5 Rf4+ 64. Kg3 fxg5 65. Rb4+ Kxd5 66. Rb5+ Ke4 67. Rxg5 Rf6 68. Ra5 d5 69. Ra8 d4 70. Re8+ Kd3 71. Rd8 Ke3 72. Kg4 d3 73. Kg5 Re6 74. h4 d2 75. h5 gxh5 76. Kf5 Re7 77. Kf6 Re4 0-1

[Event "Alberta Closed"]
[Site "Calgary CAN"]
[Date "2011.04.24"]
[Round "4"]
[White "Wang, Richard"]
[Black "Porper, Edward"]
[Result "0-1"]
[WhiteElo "2336"]
[BlackElo "2530"]
[PlyCount "58"]
[GameId "2160767909770572"]
[EventDate "2011.04.23"]
[EventType "tourn"]
[EventRounds "5"]
[EventCountry "CAN"]

1. d4 d5 2. Nf3 c6 3. c4 Nf6 4. e3 Bg4 5. h3 Bxf3 6. Qxf3 e6 7. Nc3 Nbd7 8. Bd3 Bb4 9. O-O O-O 10. a3 Ba5 11. g4 Bxc3 12. bxc3 e5 13. Qd1 e4 14. Be2 Ne8 15. cxd5 cxd5 16. Qb3 Nb6 17. a4 Nd6 18. f4 Nbc4 19. f5 b6 20. Ra2 Qc7 21. f6 g6 22. Bxc4 Qxc4 23. Qxc4 Nxc4 24. h4 h6 25. Kf2 Rfc8 26. Ke2 Rc6 27. Kd1 Rac8 28. Kc2 a5 29. Rg1 Rxf6 0-1